| 000 | 00439nam a2200181Ia 4500 | ||
|---|---|---|---|
| 001 | 25389 | ||
| 005 | 20260414151146.0 | ||
| 008 | 260414t2012||||xx |||||||||||||| ||spa|| | ||
| 041 | _aESP | ||
| 082 |
_a346.5 _bLL719 T. 2 - A |
||
| 100 |
_aLlambías, Jorge Joaquin _eAUT |
||
| 245 | 0 |
_aTratado de Derecho Civil _b |
|
| 260 | _c2012 | ||
| 300 |
_a448 páginas : _c25 cm. |
||
| 650 | _aDER | ||
| 654 | _aCDE | ||
| 942 |
_cLIB _dJUS _fJUS _2ddc _n |
||
| 999 |
_c25389 _d25389 |
||